Personnalités nées en Seine-Maritime par image - Statistiques

Statistiques générales
  • Ce quiz a été pris 84 fois
  • Le résultat moyen est 8 sur 16
Statistiques - réponses
Par images Hint Réponse % Correct
Astronaute Thomas Pesquet
88%
Chanteur Keen'V
78%
Présentateur Laurent Ruquier
78%
Journaliste Élise Lucet
74%
Actrice Valérie Lemercier
68%
Footballeur Emmanuel Petit
67%
Écrivain Gustave Flaubert
60%
Footballeur David Trézéguet
57%
Danseuse Fauve Hautot
53%
Dramaturge Pierre Corneille
53%
Homme Politique Pierre Bérégovoy
40%
Cycliste Jacques Anquetil
32%
Écrivaine Annie Ernaux
28%
Peintre et sculpteur Jean Dubuffet
10%
Peintre Marcel Duchamp
4%
Écrivain et poète Raymond Queneau
4%
Aucun quiz correspondant
Distribution des résultats
% des personnes avec chaque résultat
Percentile par nombre de réponses
Votre historique - résultats
Vous n’avez pas pris ce quiz